[Event "LiSB-ch C"]
[Site "Sittard"]
[Date "2003.11.30"]
[Round "4"]
[White "Dreuning, Paul"]
[Black "Paas, Hans"]
[Result "0-1"]
[WhiteElo "1263"]
[BlackElo "1302"]
[PlyCount "94"]
[EventDate "2003.11.29"]
[EventType "swiss"]
[EventRounds "7"]
[EventCountry "NED"]
[SourceTitle "EXT 2009"]
[Source "ChessBase"]
[SourceDate "2008.11.26"]
[SourceVersion "1"]
[SourceVersionDate "2008.11.26"]
[SourceQuality "1"]

1. e4 e5 2. Nf3 d6 3. Nc3 Bd7 4. Bb5 c6 5. Bc4 b5 6. Bf1 Nf6 7. d4 Qa5 8. Bd2 b4 9. Ne2 Nxe4 10. dxe5 dxe5 11. Ng3 Nxg3 12. hxg3 Bd6 13. Bc4 h6 14. 0-0 Bg4 15. Be2 Qb6 16. Be3 c5 17. c4 0-0 18. Nh4 Bxe2 19. Qxe2 Nd7 20. Nf5 Bc7 21. Ne7+ Kh7 22. Qd3+ g6 23. Qxd7 Bd6 24. Nd5 Qa6 25. Nf6+ Kg7 26. Ne4 Rad8 27. Qb5 Qc8 28. Bxc5 Bxc5 29. Qxc5 Qa8 30. Qxe5+ f6 31. Qe7+ Rf7 32. Qe6 Re8 33. Qg4 Rxe4 34. Qf3 Rfe7 35. Rfe1 Rxe1+ 36. Rxe1 Rxe1+ 37. Kh2 Re4 38. Qd3 Kf7 39. Qd7+ Re7 40. Qd2 a5 41. Qxh6 Qg8 42. Qd2 Kg7 43. a3 Qxc4 44. axb4 axb4 45. Qd6 Kf7 46. f4 Qe6 47. Qxe6+ Rxe6 0-1

[Event "LiSB-ch B"]
[Site "Stein"]
[Date "2002.11.30"]
[Round "2"]
[White "Elzinga, Roy"]
[Black "Dreuning, Paul"]
[Result "1-0"]
[WhiteElo "1508"]
[BlackElo "1311"]
[PlyCount "59"]
[EventDate "2002.11.30"]
[EventType "swiss"]
[EventRounds "7"]
[EventCountry "NED"]
[SourceTitle "EXT 2013"]
[Source "ChessBase"]
[SourceDate "2012.11.22"]
[SourceVersion "1"]
[SourceVersionDate "2012.11.22"]
[SourceQuality "1"]

1. e4 e5 2. Nf3 Nc6 3. Bc4 Nf6 4. Ng5 Be7 5. Nxf7 0-0 6. Nxd8+ Kh8 7. Nxc6 dxc6 8. Nc3 Ng4 9. f3 Nf6 10. d3 Bc5 11. Qe2 Re8 12. Be3 Bd4 13. Bxd4 exd4 14. Nd1 a6 15. c3 c5 16. 0-0 b5 17. Bb3 Nh5 18. Qc2 Nf4 19. cxd4 c4 20. dxc4 bxc4 21. Bxc4 Be6 22. Bxe6 Nxe6 23. d5 Nd4 24. Qd3 c5 25. b4 Nb5 26. bxc5 Rac8 27. c6 Ra8 28. Nc3 g5 29. Nxb5 axb5 30. Qxb5 1-0